Les plus grandes villes de Norvège sur une carte - Statistiques

Statistiques générales
  • Ce quiz a été pris 4 095 fois
  • Le résultat moyen est 4 sur 16
Réponses sur la Carte
Les réponses sont colorées sur une échelle allant du rouge au vert en fonction du pourcentage des utilisateurs qui les ont devinées à leur premier essai. Vous pouvez retrouver ces pourcentages ci-dessous.
 
Statistiques - réponses
Population Ville % Correct
1 000 467 Oslo
100%
255 464 Bergen
71%
183 378 Trondheim
50%
39 762 Tromsø
47%
222 697 Stavanger / Sandnes
34%
41 215 Bodø
32%
63 441 Kristiansand
21%
52 625 Ålesund
18%
117 510 Drammen
15%
112 464 Fredrikstad / Sarpsborg
12%
44 873 Haugesund
9%
44 046 Sandefjord
9%
93 065 Skien / Porsgrunn
9%
43 396 Arendal
8%
47 008 Moss
7%
51 887 Tønsberg
7%
Aucun quiz correspondant
Distribution des résultats
% des personnes avec chaque résultat
Percentile par nombre de réponses
Votre historique - résultats
Vous n’avez pas pris ce quiz